| 000 | 00759cam a2200229 a 4500 | ||
|---|---|---|---|
| 001 | 000003066 | ||
| 005 | 20260417182716.0 | ||
| 008 | 741125s1983 cl 001 i spa | ||
| 040 |
_aDO-SdBNP _cTxComS _dDLC |
||
| 082 |
_a863.408 _bC965h, 1983 |
||
| 245 | 0 | 0 |
_aCuentos hispanoamericanos / _cSelección, prólogo y notas, Mario Rodríguez Fernández. |
| 250 | _a4a ed. corr. y aum. | ||
| 260 |
_aSantiago de Chile : _bUniversitaria, _c1983. |
||
| 300 |
_a279 p. ; _c19 cm. |
||
| 440 | 0 |
_aAntologías _99677 |
|
| 650 | 4 |
_aCuentos hispanoamericanos _99678 |
|
| 650 | 0 |
_aLiteratura hispanoamericana _9318 |
|
| 700 | 1 |
_aRodríguez Fernández, Mario, _ecomp. _99679 |
|
| 910 | _aCatalogación por copia / LC | ||
| 910 | _aJornada de catalogación | ||
| 910 | _aWM | ||
| 999 |
_c2897 _d2897 |
||